Pasma górskie świata - Statystyki

Ogólne statystyki
  • Ten quiz został rozwiązany 4 748 razy
  • Średni wynik to 14 z 26
Odpowiedzi na mapie
Odpowiedzi zakodowano w zielono-czerwonej skali na mapie do tego quizu, zgodnie z poniższymi procentami.
 
Statystyki odpowiedzi
Odpowiedź % Poprawnych
Alpy
88%
Skandynawskie
82%
Himalaje
78%
Karpaty
78%
Andy
76%
Ural
76%
Kaukaz
71%
Pireneje
67%
Apeniny
65%
Atlas
65%
Wielkie Góry Wododziałowe
62%
Appalachy
59%
Kordyliery
54%
Skaliste
54%
Smocze
53%
Dynarskie
47%
Brooksa
46%
Hindukusz
46%
Przylądkowe
45%
Betyckie
39%
Czerskiego
38%
Pamir
38%
Ałtaj
36%
Sajany
27%
Jabłonowe
26%
Wierchojańskie
26%
Nie znaleziono quizów pasujących do podanych kryteriów
Rozkład punktacji
Procent ludzi z każdym wynikiem
Percentyl według liczby udzielonych odpowiedzi
Twoja historia wyników
Nie rozwiązałeś tego quizu